000
00491nam a2200169Ia 4500
008
090711s9999 xx 000 0 und d
082
_b
58443
100
_a
भावे ह. अ.
245
_a
सिंहासन बत्तिशी
260
_c
1987
300
_a
243
600
_a
भावे ह. अ.
630
_a
सिंहासन बत्तिशी
700
_a
भावे ह. अ.
730
_a
सिंहासन बत्तिशी
942
_c
BOOK
999
_c
327468
_d
327468